MARC

LEADER 00000nam0a2200000 4500
001 326209
005 20231102003835.0
035 |a (RuTPU)RU\TPU\book\351844 
035 |a RU\TPU\book\319744 
090 |a 326209 
100 |a 20161220d1984 k y0rusy50 ca 
101 0 |a rus 
102 |a RU 
105 |a c z 011zb 
200 1 |a Алгебра, математическая логика, теория чисел, топология  |e сборник обзорных статей  |h [Сб.] 1  |f Академия наук СССР (АН СССР), Математический институт им. В. А. Стеклова (МИАН) ; отв. ред. С. М. Никольский 
210 |a Москва  |c Наука  |d 1984 
215 |a 250 с.  |c портр. 
225 1 |a Труды Математического института им. В. А. Стеклова (МИАН)  |v Т. 168 
300 |a К 50-летию Института 
320 |a Библиогр. в конце глав 
606 1 |a Алгебра  |2 stltpush  |3 (RuTPU)RU\TPU\subj\1723  |9 30429 
610 1 |a математическая логика 
610 1 |a теория чисел 
610 1 |a топология 
610 1 |a тригонометрические суммы 
610 1 |a методы 
610 1 |a диофантовы уравнения 
610 1 |a теория Галуа 
610 1 |a арифметика 
610 1 |a алгебраические многообразия 
610 1 |a алгебраическая геометрия 
610 1 |a алгебра Ли 
610 1 |a конечные группы 
610 1 |a проблема Берсайда 
610 1 |a алгоритмические основы 
610 1 |a топологическая алгебра 
675 |a 512  |v 4 
702 1 |a Никольский  |b С. М.  |4 340 
712 0 2 |a Академия наук СССР (АН СССР)  |b Математический институт им. В. А. Стеклова (МИАН)  |2 stltpush  |3 (RuTPU)RU\TPU\col\11336 
801 0 |a RU  |b 63413507  |c 20011210  |g PSBO 
801 2 |a RU  |b 63413507  |c 20171214  |g PSBO 
942 |c BK